5HLuxD.jpg

KING HENRY VIII SENIOR AND PRIMARY SCHOOL LIBRARY OPAC

Chinese made easy = 轻松学汉语. 6: (Record no. 1859)

000 -LEADER
fixed length control field 00835nam a22002297a 4500
005 - DATE AND TIME OF LATEST TRANSACTION
control field 20230209145852.0
008 - FIXED-LENGTH DATA ELEMENTS--GENERAL INFORMATION
fixed length control field 230209b ||||| |||| 00| 0 eng d
020 ## - INTERNATIONAL STANDARD BOOK NUMBER
International Standard Book Number 9789620444234
040 ## - CATALOGING SOURCE
Transcribing agency KH8
082 ## - DEWEY DECIMAL CLASSIFICATION NUMBER
Classification number 495.1 CHI
245 ## - TITLE STATEMENT
Title Chinese made easy = 轻松学汉语. 6:
Remainder of title Teacher's book. Simplified character version
246 ## - VARYING FORM OF TITLE
Title proper/short title Chinese made easy = Qing song xue Han yu. 6:
Remainder of title Teacher's book. Simplified character version
250 ## - EDITION STATEMENT
Edition statement 3rd ed.
260 ## - PUBLICATION, DISTRIBUTION, ETC.
Place of publication, distribution, etc. Hong Kong:
Name of publisher, distributor, etc. Joint Publishing,
Date of publication, distribution, etc. 2018, ©2003
300 ## - PHYSICAL DESCRIPTION
Extent 210 p. :
Other physical details b&w ill. ;
Dimensions 28 cm.
500 ## - GENERAL NOTE
General note Simplified characters version<br/>Chinese text accompanied with Pinyin romanization
505 ## - FORMATTED CONTENTS NOTE
Formatted contents note Teacher's book = 教师用书
546 ## - LANGUAGE NOTE
Language note In Chinese and English
650 ## - SUBJECT ADDED ENTRY--TOPICAL TERM
Topical term or geographic name entry element Chinese language
650 ## - SUBJECT ADDED ENTRY--TOPICAL TERM
Topical term or geographic name entry element Conversation and phrase books
942 ## - ADDED ENTRY ELEMENTS (KOHA)
Source of classification or shelving scheme
Koha item type Teaching Resources
Holdings
Withdrawn status Lost status Source of classification or shelving scheme Damaged status Not for loan Collection code Permanent Location Current Location Shelving location Date acquired Total Checkouts Full call number Barcode Date last seen Date last checked out Price effective from Koha item type
          Teaching Resources KH8 Senior School Library KH8 Senior School Library Staff Office 2023-02-09 1 495.1 CHI TRKHSL000370 2025-07-04 2024-11-04 2023-02-09 Teaching Resources

Powered By KH8 IT Dept